000 01153naa a22003017a 4500
001 BR8105789
003 BR-BrBNA
005 20240918174858.0
007 ta
008 230509b bl.||||| |||| 00| 0 por d
040 _aBR-BrBNA
_bpor
_cBiblioteca Nacional de Agricultura
041 _a(Pt)
072 _aF60; F00
_b2120
_b3575
090 _aF60 BR8105789
100 1 _aAlmeida, S.R.
100 1 _aMatiello, J.B.
111 1 _a9. Congresso Brasileiro de Pesquisas Cafeeiras
_cSao Lourenco, MG (Brazil)
_d27 Oct 1981
245 1 _aEstudo comparativo entre diversos tipos de materiais para cobertura das sementes de cafe, apos o semeio nos recipientes
260 3 _aRio de Janeiro, RJ (Brasil):
_c1981.
500 _aResumos do 9. Congresso Brasileiro de Pesquisas Cafeeiras Rio de Janeiro, RJ (Brasil): 1981. p. 240-242 (BR8105789-AM)F60
650 _aCAFE
650 _aSEMENTE
650 _aGERMINACAO
650 _aCOBERTURA VEGETAL
773 0 _tResumos do 9. Congresso Brasileiro de Pesquisas Cafeeiras
_wF60 BR8105789
_gRio de Janeiro, RJ (Brasil), 1981. p. 240-242
909 _a202404
_bLucia
_c55
_dLucia Elande
942 _cAM
_2AGRIS
999 _c314169
_d314169